[Event "Oviedo op 8th"]
[Site "Oviedo"]
[Date "2022.07.18"]
[Round "3"]
[White "Menguez Rodriguez, Felipe"]
[Black "Ghavami, Mahmoud"]
[Result "1-0"]
[WhiteElo "1839"]
[BlackElo "1521"]
[PlyCount "59"]
[EventDate "2022.07.17"]
[EventType "swiss"]
[EventRounds "9"]
[EventCountry "ESP"]
[SourceTitle "CBM 209 Extra"]
[Source "ChessBase"]
[SourceDate "2022.09.30"]
[SourceVersion "1"]
[SourceVersionDate "2022.09.30"]
[SourceQuality "1"]

1. e4 c5 2. Nf3 d6 3. c3 Nc6 4. d4 cxd4 5. cxd4 d5 6. exd5 Qxd5 7. Nc3 Qh5 8. Be2 Bg4 9. Qb3 Na5 10. Bb5+ Kd8 11. Qa4 Bxf3 12. gxf3 Qxf3 13. Rg1 b6 14. Be3 a6 15. Be2 Qc6 16. Qd1 Rc8 17. Bxa6 Rc7 18. Rc1 Qa8 19. Bd3 Nf6 20. Qa4 Nd5 21. Ke2 Nxe3 22. fxe3 Qc6 23. Nb5 Qh6 24. Nxc7 Qxh2+ 25. Kf3 Qh5+ 26. Kf2 Qh2+ 27. Rg2 Qh4+ 28. Ke2 Qh5+ 29. Kd2 Qf3 30. Qe8# 1-0

[Event "Mostoles op 10th"]
[Site "Mostoles"]
[Date "2019.07.25"]
[Round "8"]
[White "Largo Barbero, Benito"]
[Black "Ghavami, Mahmoud"]
[Result "1-0"]
[WhiteElo "1867"]
[BlackElo "1583"]
[PlyCount "45"]
[EventDate "2019.07.18"]
[EventType "swiss"]
[EventRounds "9"]
[EventCountry "ESP"]
[SourceTitle "EXT 2021"]
[Source "ChessBase"]
[SourceDate "2020.10.23"]
[SourceVersion "1"]
[SourceVersionDate "2020.10.23"]
[SourceQuality "1"]

1. d4 Nf6 2. Bg5 e6 3. Nd2 Be7 4. e4 b6 5. Ngf3 d6 6. Bd3 Nbd7 7. Qe2 Bb7 8. 0-0-0 c5 9. e5 dxe5 10. dxe5 Nd5 11. Bxe7 Qxe7 12. Nc4 Nf4 13. Qd2 Nxd3+ 14. Qxd3 0-0-0 15. Nd6+ Kb8 16. Nxb7 Kxb7 17. Qe4+ Kc7 18. Rd6 Nb8 19. Rhd1 Rd7 20. Qa8 a6 21. Rxd7+ Qxd7 22. Rxd7+ Kxd7 23. Qb7+ 1-0

[Event "Madrid-ch Seniors 50"]
[Site "Madrid"]
[Date "2018.01.08"]
[Round "1"]
[White "Rueda Maria, Ramiro"]
[Black "Ghavami, Mahmoud"]
[Result "1-0"]
[WhiteElo "1827"]
[BlackElo "1516"]
[PlyCount "97"]
[EventDate "2018.01.08"]
[EventType "swiss"]
[EventRounds "9"]
[EventCountry "ESP"]
[SourceTitle "CBM 182 Extra"]
[Source "ChessBase"]
[SourceDate "2018.02.23"]
[SourceVersion "1"]
[SourceVersionDate "2018.02.23"]
[SourceQuality "1"]

1. e4 e6 2. d4 d5 3. Nc3 Nf6 4. Bg5 Be7 5. Bxf6 Bxf6 6. e5 Be7 7. Bd3 a6 8. Nf3 c5 9. 0-0 Nc6 10. dxc5 Bxc5 11. Qe2 Nd4 12. Nxd4 Bxd4 13. Nd1 Qg5 14. Re1 Bd7 15. c3 Bb6 16. Ne3 Qxe5 17. Qf3 Qg5 18. Nxd5 Bc6 19. c4 0-0 20. Qf4 Qxf4 21. Nxf4 Bd4 22. Rab1 Rad8 23. Red1 Rd7 24. b3 Rfd8 25. Bc2 g6 26. Ne2 e5 27. Nxd4 exd4 28. Bd3 Re7 29. Re1 Rde8 30. Rxe7 Rxe7 31. f3 f5 32. Kf2 Kf7 33. Rb2 f4 34. g3 g5 35. Bxh7 Re3 36. Be4 Bxe4 37. fxe4 Rxe4 38. Re2 fxg3+ 39. hxg3 Re6 40. Rd2 Rd6 41. Kf3 Kg6 42. Ke4 b5 43. c5 Rc6 44. Kd5 Rf6 45. c6 Rf3 46. g4 Rf1 47. c7 Rc1 48. Kd6 Kf6 49. Rxd4 1-0

[Event "Madrid Codes Memorial 11th"]
[Site "Madrid"]
[Date "2017.04.09"]
[Round "2"]
[White "Montero Montero, Juan Jose"]
[Black "Ghavami, Mahmoud"]
[Result "1/2-1/2"]
[WhiteElo "1707"]
[BlackElo "1556"]
[PlyCount "132"]
[EventDate "2017.04.02"]
[EventType "swiss"]
[EventRounds "9"]
[EventCountry "ESP"]
[SourceTitle "EXT 2019"]
[Source "ChessBase"]
[SourceDate "2018.10.10"]
[SourceVersion "1"]
[SourceVersionDate "2018.10.10"]
[SourceQuality "1"]

1. e4 e6 2. c4 b6 3. d4 g6 4. Nf3 Bb7 5. Nc3 Bg7 6. Be3 d6 7. Be2 Nd7 8. Qd2 h6 9. 0-0 Ndf6 10. d5 e5 11. Nh4 Bc8 12. g3 g5 13. Ng2 Ng4 14. Rac1 Nxe3 15. Nxe3 Ne7 16. b4 Bh3 17. Rfe1 Bd7 18. c5 bxc5 19. bxc5 dxc5 20. Qc2 0-0 21. Nb5 a6 22. Na3 f5 23. exf5 Nxf5 24. Nxf5 Bxf5 25. Qxc5 Bh3 26. Qxc7 Qf6 27. Qc5 Rac8 28. Qe3 Qd6 29. Rxc8 Bxc8 30. Bf3 Qf6 31. Bg2 h5 32. Nc4 Re8 33. Qb6 Kf8 34. Qxf6+ Bxf6 35. d6 Be6 36. Nxe5 Rd8 37. d7 Bxa2 38. Bc6 Be6 39. Ba4 Bd5 40. f4 gxf4 41. gxf4 Kg7 42. Rd1 Bxe5 43. fxe5 Bf3 44. Rd6 Be2 45. Re6 Bb5 46. Re8 Bxd7 47. Rxd8 Bxa4 48. Rd6 Bb5 49. Rb6 Kf7 50. Kf2 Ke7 51. Ke3 h4 52. Kd4 h3 53. Kd5 Be2 54. Rb7+ Kd8 55. Kd6 Kc8 56. Rh7 Bf1 57. e6 Bb5 58. e7 a5 59. e8Q+ Bxe8 60. Ra7 Bh5 61. Rxa5 Bf3 62. Ke7 Kc7 63. Rg5 Bg2 64. Kf6 Kd6 65. Kf5 Ke7 66. Kg4 Kf6 1/2-1/2

[Event "Madrid-ch Seniors 50"]
[Site "Madrid"]
[Date "2017.01.13"]
[Round "5"]
[White "Ghavami, Mahmoud"]
[Black "De Juan Rivas, Antonio"]
[Result "1/2-1/2"]
[WhiteElo "1566"]
[BlackElo "1682"]
[PlyCount "52"]
[EventDate "2017.01.09"]
[EventType "swiss"]
[EventRounds "9"]
[EventCountry "ESP"]
[SourceTitle "CBM 176 Extra"]
[Source "ChessBase"]
[SourceDate "2017.03.02"]
[SourceVersion "1"]
[SourceVersionDate "2017.03.02"]
[SourceQuality "1"]

1. d4 Nf6 2. Bf4 g6 3. Nf3 d6 4. e3 Bg7 5. Bd3 0-0 6. h3 Nc6 7. c3 Nd5 8. Bh2 e5 9. dxe5 dxe5 10. Be4 Be6 11. 0-0 f5 12. Bc2 Nb6 13. Bb3 Qe7 14. Nbd2 Rad8 15. Bxe6+ Qxe6 16. Qb3 Qxb3 17. Nxb3 Nc4 18. Nc5 Rd5 19. Ne6 Rf7 20. Nxg7 Kxg7 21. Rfd1 Rfd7 22. Rxd5 Rxd5 23. b3 Nb2 24. Kf1 Kf6 25. Ke2 e4 26. Ne1 Ne5 1/2-1/2